MDQL
is popping MORE tags! Check the
thread
!
Quizzes
Events
Quiz Creation
Community
Videos
Private Events
Remove Ads
Sign In
Join for FREE
Feedback
Dark Mode
Quiz Categories
Sports
Geography
Music
Movies
Television
Just For Fun
Miscellaneous
History
Literature
Language
Science
Gaming
Entertainment
Religion
Holiday
For Kids
Quiz Lab
Recent
Popular Today
Quiz Kudos Today
Editor Picks
Curator Picks
Quizzes by...
Day
Popularity
Type
Ratings
Length
Year
Community
Subscriptions
Recent Discussions
Orange Saloon
Badges
Playlists
Quests
Create
Leaderboards
Showdown
Live 5
Trivia Bingo
Activity
Puzzle Library
Sporcle Events
Private Events
Virtual Trivia
Globe League
Become a Host
Pub Owners
SporcleCon
Opinionation
Our Games
Videos
Blog
Mobile Apps
Partnerships
Remove Ads and Go Orange
Feedback
Just For Fun
Clickable
Get the Picture
Humor
Quick Pick
Word Ladder
Missing Word
Mixed Word
Blitz
Minefield
This or That
Alphabet
Color
Typing
Sporcle
Puzzle
Word Play
Follow That Line
Logic
Just For Fun
Clickable
Get the Picture
Humor
Quick Pick
Word Ladder
Missing Word
Mixed Word
Blitz
Minefield
This or That
Alphabet
Color
Typing
Sporcle
Puzzle
Word Play
Follow That Line
Logic
Random Quiz
Search Sporcle
×
Quiz Lab
Quiz Lab
Just For Fun
Click on answers out of a set of options
Click on answers out of a set of options
Multiple Choice
Best Score? Go Orange.
Random Stats
Random Questions
By
bliebertXD
20m
19 Questions
27 Plays
27 Plays
27 Plays
Comments
Comments
Give Quiz Kudos
Give Quiz Kudos
-
- Ratings
hide this ad
Forced Order
Questions have to be entered in order without skipping
Questions have to be entered in order without skipping
Random Order
Randomize order of answers
Randomize order of answers
Replay
Link that replays current quiz
Next Quiz
Link to next quiz in quiz playlist
You Got
0%
They Got
Avg Score
54%
Avg Friend Score
Upgrade to see
Score Distribution
Jump to the score distribution portion of the page
Score
0/19
Timer
20:00
0
Plays Today
Question
Answer
Wrong Answers
What is a baby cow called
???
100%
???
0%
???
0%
???
0%
Who Is the president
???
96.2%
???
3.8%
???
0%
???
0%
What is Obama's First name
???
96.2%
???
0%
???
0%
???
0%
who made the first american flag
???
75%
???
4.2%
???
8.3%
???
0%
Who did not make Youtube
???
70.8%
???
4.2%
???
8.3%
???
4.2%
Who is older?
???
70.8%
???
16.7%
What is the name of the second President
???
70.8%
???
8.3%
???
8.3%
???
0%
What is -793 times 89
???
66.7%
???
12.5%
???
4.2%
???
4.2%
Who has more subscribers?
???
62.5%
???
8.3%
???
8.3%
???
8.3%
Which is spelled incorectly?
???
53.8%
???
38.5%
???
0%
???
3.8%
Are You done yet
???
50%
???
30.8%
???
7.7%
What song does Kindrick Lamar Sing?
???
50%
???
15.4%
???
15.4%
???
19.2%
What question are you on?
???
45.8%
???
12.5%
???
0%
???
29.2%
What number is Lebron James
???
41.7%
???
4.2%
???
33.3%
???
8.3%
How old is Shawn Mendes
???
38.5%
???
3.8%
???
34.6%
???
15.4%
Which is a mountain Dew
???
30.8%
???
30.8%
???
23.1%
???
7.7%
Who is the founder of Chick-fil-a
???
25%
???
4.2%
???
16.7%
???
41.7%
Who writes Michael Vey
???
23.1%
???
7.7%
???
42.3%
???
19.2%
Is this test stupid
???
23.1%
???
50%
???
23.1%
Quiz Playlist
Details
Report
Send in Message
Add To Playlist
Multiple Choice:
Click on answers out of a set of options
Forced Order:
Questions have to be entered in order without skipping
Random Order:
Randomize order of answers
Last Updated: Sep 12, 2017
Quiz Scoreboard
CHALLENGE
Sign Up to Join the Scoreboard
Show All
Scores
Hide
Comments
May contain spoilers
Recently Published
5x2 Blitz: Bands
by SL_Kpop136
Music
30s
Colored Red Africa Blitz
by spor1
Geography
30s
Find the 'City' Movie
by crazypaving
Movies
60s
More to Explore
Quiz From the Vault
Featured Blog Post
14 Easter Pick-up Lines to Find Eggs With
hide this ad
You Might Also Like...
Tags
This quiz does not have any tags.
Today's Top Quizzes in Just For Fun
Browse Just For Fun
hide this ad
Top Contributed Quizzes in Just For Fun
1
Name Just One - 10 to 1: Just For Fun
2
Avatar the Last Airbender: Logic Puzzle
3
Missing Word: 2-Letter A-Z II
4
Missing Letter Whitney Houston Songs
5
Survivor Winners Logic Puzzle
6
It's Magic / Witchcraft 🎩🪄🧙♀️
7
Missing Word: 'Of' Things A-Z
8
Shadowhunters Protagonists Logic Quiz
9
Quick 5-Color Logic (18)
10
Medium Renzoku Puzzle 11
Explore More
Trending Topics
Kpop
Anime
Marvel
NBA
Crossword
Disney
Harry Potter
NFL
The Office
Country
Song
Pokémon
WWE
Puzzle
Soccer
hide this ad
More By:
bliebertXD
Quiz
Plays
Rating
Category
Featured
Created
Random
27
1.00
Just For Fun
Sep 12, 2017
Go to Creator's Profile
Score Distribution
Quiz Creator Spotlight
bliebertXD
Follow
Send a Message
Quizzes Created
-
Created Quiz Play Count
-
More By This Creator
Popular Quizzes Today
1
Colored Red Africa Blitz
2
Find the 'City' Movie
3
5x2 Blitz: Bands
4
Find the US States - No Outlines Minefield
5
The Countries of the World
6
Find the US States
7
US States
8
Find the Countries of Europe - No Outlines Minefield
More Just For Fun Quizzes
Missing Word: Vietnam War Movies
Published
Trending Quizzes
Colored Red Europe Blitz I
Colored Red Europe Blitz II
Colored Red Africa Blitz II
Colored Red Europe Blitz III
Colored Red Africa Blitz III
Recently Updated
How Do You Spell That?
pecheneg
Godzilla Movies
pecheneg
Grab Bag: 4-10 Letters
pecheneg
2024 March Madness Bracket
pecheneg
Famous TV Couples
Peacemaker
Champions League XIs: Real Madrid
pecheneg
Largest US Cities 1790-2010
pecheneg
Rides in Walt Disney World
pecheneg
Most Oscar Losses (Acting)
pecheneg
Beyoncé Albums
pecheneg
Trending Topics
NBA
Harry Potter
Anime
Crossword
Kpop
Marvel
Disney
NFL
The Office
Song
Pokémon
Puzzle
Country
Soccer
WWE
Your Account Isn't Verified!
In order to create a playlist on Sporcle, you need to verify the email address you used during registration. Go to your
Sporcle Settings
to finish the process.
Report this User
Report this user for behavior that violates our
Community Guidelines
.
Details:
Send Report
Go to the Sporcle.com Mobile Site →
Comments